| 000 | 00368 a2200109 4500 | ||
|---|---|---|---|
| 001 | ART_11452 | ||
| 005 | 20260410161857.0 | ||
| 008 | 260409a | ||
| 245 | 1 | 0 | _aDistribución y crecimiento. Perspectivas de la economía argentina en 1993 |
| 100 | 1 | _aDiaz Cafferata, Alberto M. | |
| 773 | 0 |
_tRevista de Economía _g- Nº 67 (abr./dic. 1992) _wREV11077 |
|
| 999 |
_c25589 _d25589 |
||